TV's Second Golden Age: Characters from TV Comedies Quiz Stats

 Plays Quiz Updated Jun 26, 2017

Support Sporcle.
Go Orange.
Score 0/42 Timer 06:00
0 Plays Today
% Correct
Dwight Schrute
92.1%
Michael Scott
89.6%
Jim Halpert
87.7%
Pam Beesly
87.5%
Haley Dunphy
82.8%
Phil Dunphy
82.3%
Gloria Pritchett
81.8%
Jay Pritchett
81.3%
Leslie Knope
79.5%
Angela Martin
79.2%
Ron Swanson
78.9%
Lily Tucker-Pritchett
78.9%
Liz Lemon
77.9%
Manny Delgado
76.5%
Andy Dwyer
74.6%
Cameron Tucker
73.3%
April Ludgate
71.8%
Jack Donaghy
71.4%
Amy Santiago
70.6%
Tracy Jordan
70.6%
Ann Perkins
70.4%
% Correct
Ben Wyatt
68.1%
Jan Levinson
66.8%
Ryan Howard
66.3%
Jenna Maroney
66.1%
Tom Haverford
65.1%
Jake Peralta
64.9%
Gina Linetti
62.2%
Kenneth Parcell
61.1%
Rosa Diaz
60.9%
Charles Boyle
59%
Selina Meyer
57.9%
Amy Brookheimer
57.2%
Dan Egan
56.3%
Jonah Ryan
53%
Ray Holt
52.9%
Terry Jeffords
52.7%
Gary Walsh
51.1%
Pete Hornberger
48.1%
Frank Rossitano
47.7%
Richard Splett
41.9%
Sue Wilson
41.5%

You're not logged in!

Compare scores with friends on all Sporcle quizzes.
OR
Log In
Forgot?

From the Vault

North American Mammals

by Hejman

This quiz is definitely missing a Jackalope.
Remove Ads.
Support Sporcle.
Get the best of Sporcle when you Go Orange. This ad-free experience offers more features, more stats, and more fun while also helping to support Sporcle. Thank you for becoming a member.

Show Comments

Extras

Top Quizzes Today


Score Distribution

Your Account Isn't Verified!

In order to create a playlist on Sporcle, you need to verify the email address you used during registration. Go to your Sporcle Settings to finish the process.

Report this User

Report this user for behavior that violates our Community Guidelines.

Details: